| Поле | Инд. | ПП | Название | Значение |
|---|---|---|---|---|
| Тип записи | a | |||
| Библиографический уровень | a | |||
| 001 | _ | Контрольный номер | RU/REP/BASE/00007879 | |
| 005 | _ | Дата корректировки | 20190415145200.6 | |
| 200 | a | Заглавие | Особенности возмещения работодателю затрат, связанных с обучением работника, как средство защиты интересов работодателя в Российской Федерации | |
| f | Первые сведения об ответственности | Клюшина А.А.,Карташова Л.Э. | ||
| b | Общее обозначение материала | Текст | ||
| 210 | d | Дата издания | 2015 | |
| 461 | _0 | 1 | 001RU/REP/BASE/00010629 | |
| 1 | 2001 | |||
| a | Закон и право | |||
| 463 | 1 | 20002 | ||
| a | №9. | |||
| v | С. 65-69 | |||
| 1 | 210 | |||
| d | 2015 | |||
| 610 | a | Ключевые слова | ЗАКОНЫ, ГРАЖДАНСКОЕ ПРАВО РФ, ДОГОВОР, ТРУДОВОЕ ПРАВО РФ, КОНСТИТУЦИОННОЕ ЗАКОНОДАТЕЛЬСТВО, ИНОСТРАННЫЕ ГРАЖДАНЕ, ОТДЕЛЬНЫЕ КАТЕГОРИИ РАБОТНИКОВ, МАТЕРИАЛЬНАЯ ОТВЕТСТВЕННОСТЬ | |
| 700 | _1 | a | Фамилия | Клюшина |
| b | Имя | А.А. | ||
| 701 | _1 | a | Фамилия | Карташова |
| b | Имя | Л.Э. | ||
| 901 | t | Тип документа | b | |
| w | Контрольный № источника | 6552648d3eb146849852b1acc1fae17a |